Smosh Characters (Easy Mode) - Statistics

General Stats
  • This quiz has been taken 244 times
  • The average score is 10 of 19
Answer Stats
Hint Answer % Correct
Briana Boho Courtney Miller
89%
The Chosen Shayne Topp
88%
Courtney Freakin' Miller Shayne Topp
78%
Dumpster Wizard Shayne Topp
73%
Redacted Ian Hecox
66%
Augustus Damien Haas
65%
Sassy Leg Infantry Shayne Topp
65%
Keisha Keith Leak Jr
60%
Mr. Grub Damien Haas
54%
Aunt Carolyn Shayne Topp
53%
The Academy of Weird Sounds Courtney Miller
50%
Burger Man Damien Haas
50%
Boneless Courtney Miller
48%
Dominic Patron Courtney Miller
45%
Bobby from the Block Keith Leak Jr
40%
Janice Courtney Miller
35%
Kimber Noah Grossman
34%
Billy Ian Hecox
25%
Benny Jean Ian Hecox
20%
No matching quizzes found
Score Distribution
Percent of People with Each Score
Percentile by Number Answered
Your Score History
You have not taken this quiz